[Event "Deltalift op"]
[Site "Tylosand"]
[Date "2017.05.25"]
[Round "1"]
[White "Printz, Stefan"]
[Black "Haugli, Petter"]
[Result "0-1"]
[WhiteElo "1825"]
[BlackElo "2257"]
[PlyCount "59"]
[EventDate "2017.05.25"]
[EventType "swiss"]
[EventRounds "8"]
[EventCountry "SWE"]
[SourceTitle "CBM 178 Extra"]
[Source "ChessBase"]
[SourceDate "2017.06.22"]
[SourceVersion "1"]
[SourceVersionDate "2017.06.22"]
[SourceQuality "1"]

1. f4 Nf6 2. Nf3 c5 3. e3 g6 4. c3 Bg7 5. d4 b6 6. Bd3 0-0 7. 0-0 Bb7 8. Nbd2 Nc6 9. Ne5 d6 10. Nxc6 Bxc6 11. Nf3 e6 12. Bd2 Qc7 13. Rc1 Be4 14. Be1 Qb7 15. Qe2 Bxd3 16. Qxd3 Rac8 17. Bh4 Qe4 18. Qxe4 Nxe4 19. Rfd1 d5 20. dxc5 Nxc5 21. Be7 Rfe8 22. Bxc5 Rxc5 23. Nd4 a6 24. Re1 b5 25. Rcd1 Rc4 26. e4 dxe4 27. Rxe4 Rd8 28. Rd2 Rd5 29. Kf2 b4 30. cxb4 0-1